Punto y línea sobre el plano.
Đã lưu trong:
| Tác giả chính: | |
|---|---|
| Tác giả khác: | , |
| Định dạng: | Sách |
| Được phát hành: |
Buenos Aires, Argentina:
Andrómeda,
2007.
|
| Phiên bản: | 1a.ed. |
| Những chủ đề: | |
| Các nhãn: |
Thêm thẻ
Không có thẻ, Là người đầu tiên thẻ bản ghi này!
|
MARC
| LEADER | 00000nam a22000007a 4500 | ||
|---|---|---|---|
| 003 | CL-VaPUC | ||
| 005 | 20250321101934.0 | ||
| 008 | 250127t2007 ||||| |||| 00| 0 eng d | ||
| 999 | |c 446822 |d 446820 | ||
| 020 | |a 978-950-722-292-4 | ||
| 040 | |c Pontificia Universidad Católica de Valparaíso | ||
| 082 | 0 | 4 | |a 701.8 KAN 2007 |b |2 21 |
| 100 | |a Kandinsky, Vassili |e autor |9 895871 | ||
| 245 | 1 | 0 | |a Punto y línea sobre el plano. |
| 250 | |a 1a.ed. | ||
| 260 | |a Buenos Aires, Argentina: |b Andrómeda, |c 2007. | ||
| 300 | |a 189 páginas. | ||
| 500 | |a c.1.-c.2.Instituto Arcos 8-1-2025 | ||
| 583 | |a last modification |c 19931222 00:00:00 |k GC | ||
| 650 | 0 | |a Composición (Arte) |2 CL-VaPUC |9 315521 | |
| 650 | 0 | |a Arte abstracto |9 265105 | |
| 700 | |a Gaut vel Hartmann, Sergio |e análisis del texto |e introducción |9 895872 | ||
| 700 | |a Trento, Melina |e traducción |9 895873 | ||
| 942 | |c BK |2 ddc |n 0 | ||
| 952 | |0 0 |1 0 |2 ddc |4 0 |6 701_800000000000000_KAN_2007 |7 0 |8 A |9 599951 |a BIBINC |b BIBINC |d 2025-01-27 |e Instituto Arcos |i 5664952 |o 701.8 KAN 2007 |p 5664952 |r 2025-01-27 |t 1 |w 2025-01-27 |y BK |k IFP | ||
| 952 | |0 0 |1 0 |2 ddc |4 0 |6 701_800000000000000_KAN_2007 |7 0 |8 A |9 599952 |a BIBINC |b BIBINC |d 2025-01-27 |e Instituto Arcos |i 5664953 |o 701.8 KAN 2007 |p 5664953 |r 2025-01-27 |t 2 |w 2025-01-27 |y BK |k IFP | ||